00575nam a22001817a 450000500170000001000150001702000260003203500130005803700130007108200110008424501020009526000310019727000780022830000230030650000190032970000190034870000260036720150515121754.0 aENG-112315 a9781138822405c795.00 aEN-95847 bDBAD/PUB a327.17 aPolitics and cosmopolitanism in a global age /cedited by Sonika Gupta [and] Sudarsan Padmanabhan aNew DelhibRoutledgec2015 a912,Tolstoy House, 15-17 Tolstoy Marg, Connaught PlacebNew Delhie110001 ax,276p. c22cm(Hb) aIncludes index aGupta, Sonika  aPadmanabhan, Sudarsan